Представление документа в формате MARC21

Поле Инд. ПП Название Значение
Тип записи a
Библиографический уровень m
001 Контрольный номер b56b3732-3aab-49ca-99b8-ad2832879122
005 Дата корректировки 20131112074732.1
008 Кодируемые данные 011108
020 c Цена, тираж 35.00
040 a Служба первич. каталог. НБ ТвГУ
041 a Код языка текста rus
080 a Индекс УДК 53(075.8)
084 a Индекс другой классификации/Индекс ББК В313.22я731-1
a Индекс другой классификации/Индекс ББК В25я731-1
090 x Авторский знак Л80
a Полочн. индекс В313.2
100 1_ a Автор Лотов Константин Владимирович
245 10 a Заглавие Физика сплошных сред
b Продолж. заглавия Учеб. пособие
c Ответственность К. В. Лотов; Новосиб. гос. ун-т. Физ. фак.
260 0_ a Место издания Новосибирск
b Издательство Новосибирский гос. ун-т
c Дата издания 2001
300 a Объем 157 с.
b Иллюстрации/ тип воспроизводства ил.
440 a Серия Учебники НГУ
504 a Библиография Предм. указ.: с.153-157.
583 a Действие Получение впервые 612 06.11.2001
k Исполнитель действия Обмен
650 a Основная рубрика Сплошные среды
x Основная подрубрика Физика
650 a Основная рубрика Электродинамика
650 a Основная рубрика Гидродинамика
650 a Основная рубрика Упругости теория
x Основная подрубрика Учебники для вузов
653 a Ключевые слова Сплошные среды
a Ключевые слова Физика сплошных сред
a Ключевые слова Электродинамика сплошных сред
a Ключевые слова Гидродинамика
a Ключевые слова Теория упругости
a Ключевые слова Упругость
852 t Порядковый номер экземпляра 1
p Инвентарный номер 737777
888 a Бесплатные
930 a Новая/Ретро учебники
952 p 612.2001 35.00 1 737777
c Вид литературы К ру
954 a Дата поступления на обработку 20011126
999 a Подразделение 2 Фил3